000 00468nam a22001697a 4500
005 20230112121455.0
008 220209b ||||| |||| 00| 0 eng d
020 _a978-93-86700-22-3
041 _aeng
082 _a612
100 _aMANDLIK, DR. DEEPA S AND MANDLIK, SATISH .K
_96996
245 _aA TEXTBOOK OF HUMAN ANATOMY AND PHYSIOLOGY - I [SEM-I]
260 _aPUNE
_bNIRALI PRAKASHAN
300 _aI-4;p
650 _aPHARMACY
_xB.PHARMA
_97083
942 _cBK
999 _c7871
_d7869